| 000 | 00471nam a2200169Ia 4500 | ||
|---|---|---|---|
| 003 | LK-CoDNM | ||
| 008 | 010623t1971 xxu||||| |||| 00| 1 sin d | ||
| 040 |
_aLK-CoDNM _dLK-CoDNM _eLK-CoDNM |
||
| 041 | _asin | ||
| 080 | _a32 | ||
| 100 | _aLaski,Harald J. | ||
| 245 | _aදේශපාලන විද්යා ප්රවේශය | ||
| 246 | _aDeshapalana Vidya Praweshaya | ||
| 260 |
_bM.D Gunasena _aColombo _c1971 |
||
| 300 | _b116p.;18 cm cm | ||
| 942 | _cBK | ||
| 999 |
_c108563 _d108563 |
||